'M' TV Shows by Picture Quiz Stats

 Plays Quiz Updated Jan 4, 2017

Challenge
Share
Tweet
Score 0/20 Timer 05:00
0 Plays Today
Location Show % Correct
2CThe Muppet Show
98.2%
5AMalcolm in the Middle
89.6%
3AM*A*S*H
89%
1AMy Name is Earl
81.5%
3CMonk
80.4%
3DMarried with Children
79.5%
1BMork & Mindy
74.5%
5CModern Family
74.3%
4DThe Munsters
73.2%
2AMister Ed
72.9%
Location Show % Correct
3BMiami Vice
72.1%
1DMythbusters
69.7%
4CMad Men
61.2%
1CMad About You
56%
2BThe Middle
54.5%
5BMurphy Brown
51.4%
5DMoonlighting
47.7%
4AMy So-Called Life
39.6%
4BMinute to Win It
36.2%
2DMelrose Place
31.1%

You're not logged in!

Compare scores with friends on all Sporcle quizzes.
OR
Log In

You Might Also Like...

Show Comments

Extras

Top Quizzes Today


Score Distribution

Your Account Isn't Verified!

In order to create a playlist on Sporcle, you need to verify the email address you used during registration. Go to your Sporcle Settings to finish the process.

Report this User

Report this user for behavior that violates our Community Guidelines.

Details: